Statystyki dla Łacińskie nazwy pierwiastków - wersja odwrotna

Kliknij tutaj aby rozwiązać quiz!

Ogólne statystyki

  • Ten quiz został rozwiązany 55 razy
  • Średni wynik to 81 z 118

Statystyki odpowiedzi

ZŁacińska nazwaPolska nazwaSymbol% Poprawnych
1HydrogeniumWodórH
100%
4BerylliumBerylBe
98%
5BoriumBorB
98%
17ChlorumChlorCl
96%
9FluorFluorF
96%
2HeliumHelHe
96%
3LithiumLitLi
96%
12MagnesiumMagnezMg
96%
10NeonNeonNe
96%
18ArgonArgonAr
94%
6CarboniumWęgielC
94%
24ChromiumChromCr
92%
15PhosphorusFosforP
92%
8OxygeniumTlenO
92%
20CalciumWapńCa
92%
25ManganumManganMn
90%
19KaliumPotasK
90%
16SulphurSiarkaS
90%
22TitaniumTytanTi
90%
7NitrogeniumAzotN
88%
35BromumBromBr
88%
30ZincumCynkZn
88%
13AluminiumGlinAl
88%
27CobaltumKobaltCo
88%
34SeleniumSelenSe
88%
11NatriumSódNa
88%
33ArsenicumArsenAs
85%
31GalliumGalGa
85%
32GermaniumGermanGe
85%
36KryptonKryptonKr
85%
14SiliciumKrzemSi
85%
29CuprumMiedźCu
83%
26FerrumŻelazoFe
83%
54XenonKsenonXe
81%
37RubidiumRubidRb
81%
56BariumBarBa
79%
28NiccolumNikielNi
79%
93NeptuniumNeptunNp
77%
46PalladiumPalladPd
77%
94PlutoniumPlutonPu
77%
84PoloniumPolonPo
77%
38StrontiumStrontSr
77%
92UraniumUranU
77%
23VanadiumWanadV
77%
95AmericiumAmerykAm
75%
48CadmiumKadmCd
75%
98CaliforniumKalifornCf
75%
63EuropiumEuropEu
73%
53IodiumJodI
73%
41NiobiumNiobNb
73%
102NobeliumNobelNo
73%
78PlatinumPlatynaPt
73%
88RadiumRadRa
73%
21ScandiumSkandSc
73%
99EinsteiniumEinsteinEs
71%
49IndiumIndIn
71%
39YttriumItrY
71%
45RhodiumRodRh
71%
74WolframiumWolframW
71%
112CoperniciumKopernikCn
69%
82PlumbumOłówPb
69%
76OsmiumOsmOs
69%
47ArgentumSrebroAg
69%
83BisemutumBizmutBi
67%
86RadonRadonRn
67%
80HydrargyrumRtęćHg
67%
81ThalliumTalTl
67%
73TantalumTantalTa
67%
58CeriumCerCe
65%
60NeodymiumNeodymNd
65%
77IridiumIrydIr
63%
44RutheniumRutenRu
63%
65TerbiumTerbTb
63%
79AurumZłotoAu
63%
85AstatinumAstatAt
60%
97BerkeliumBerkelBk
60%
40ZirconiumCyrkonZr
60%
68ErbiumErbEr
60%
100FermiumFermFm
60%
57LanthanumLantanLa
60%
42MolybdenumMolibdenMo
60%
75RheniumRenRe
60%
52TelluriumTellurTe
60%
90ThoriumTorTh
60%
89ActiniumAktynAc
58%
115MoscoviumMoskowMc
58%
111RoentgeniumRoentgenRg
58%
55CaesiumCezCs
56%
105DubniumDubnDb
56%
72HafniumHafnHf
56%
108HassiumHasHs
56%
101MendeleviumMendelewMd
56%
61PromethiumPrometPm
56%
62SamariumSamarSm
56%
43TechnetiumTechnetTc
56%
87FranciumFransFr
54%
67HolmiumHolmHo
54%
107BohriumBohrBh
52%
50StannumCynaSn
50%
64GadoliniumGadolinGd
50%
71LutetiumLutetLu
50%
70YtterbiumIterbYb
48%
109MeitneriumMeitnerMt
46%
113NihoniumNihonNh
46%
69ThuliumTulTm
46%
114FleroviumFlerowFl
44%
104RutherfordiumRutherfordRf
44%
106SeaborgiumSeaborgSg
42%
117TennessineTenesTs
42%
66DysprosiumDysprozDy
40%
91ProtactiniumProtaktynPa
40%
96CuriumKiurCm
38%
118OganessonOganesonOg
38%
103LawrenciumLorensLr
35%
59PraseodymiumPrazeodymPr
35%
116LivermoriumLiwermorLv
33%
51StibiumAntymonSb
31%
110DarmstadtiumDarmsztadtDs
31%

Rozkład punktacji

Percentyl według liczby udzielonych odpowiedzi

Procent ludzi z każdym wynikiem

Twoja historia wyników

Nie rozwiązałeś tego quizu